| 000 | 00570nam a2200181Ia 4500 | ||
|---|---|---|---|
| 008 | 191130s2008##################000#0#eng## | ||
| 020 | _a9780349116853 | ||
| 040 |
_aACL _cACL |
||
| 082 | _a828.809 ALL | ||
| 100 | _aAllen, Charles | ||
| 245 |
_aKipling Sahib: India and the making of Rudyar Kipling 1865-1900 _cCharles Allen |
||
| 260 |
_aLondon _bAbacus _c2008 |
||
| 300 | _aXIX, 426 S. : ill., Kt. ; 20 cm | ||
| 650 | _aKipling -- Rudyard -- 1865-1936 -- Childhood and youth | ||
| 990 | _a2540a580ac10000c0a815ecae7b65472 | ||
| 991 | _a278318 | ||
| 999 |
_c226530 _d226530 |
||